00424nam a2200145 a 450000100100000000500170001000800410002702000150006804000250008308200130010824500560012125000110017726000620018830000280025000004095220201002034513.0130911s2001 utu 000 0 spa d a0933241011 aDO-SdBNPbspacBNPHU axxxbxxx00aThe Business of Diversity :b"the case for action". a6a ed. aSalt Lake City, Utah :bInnovations International,c2001. a56 p. :bill. ;c23 cm.